<?xml version="1.0" encoding="UTF-8"?>
<record
    xmlns:xsi="http://www.w3.org/2001/XMLSchema-instance"
    xsi:schemaLocation="http://www.loc.gov/MARC21/slim http://www.loc.gov/standards/marcxml/schema/MARC21slim.xsd"
    xmlns="http://www.loc.gov/MARC21/slim">

  <leader>01582nam a22003857a 4500</leader>
  <controlfield tag="001">322</controlfield>
  <controlfield tag="003">OSt</controlfield>
  <controlfield tag="005">20250528074017.0</controlfield>
  <controlfield tag="008">250326b        |||||||e |||| 00| f eng d</controlfield>
  <datafield tag="020" ind1=" " ind2=" ">
    <subfield code="a">9788520930830</subfield>
  </datafield>
  <datafield tag="040" ind1=" " ind2=" ">
    <subfield code="b">por</subfield>
  </datafield>
  <datafield tag="041" ind1=" " ind2=" ">
    <subfield code="h">fre</subfield>
    <subfield code="a">por</subfield>
  </datafield>
  <datafield tag="082" ind1=" " ind2=" ">
    <subfield code="a">843</subfield>
    <subfield code="b">S251i</subfield>
  </datafield>
  <datafield tag="100" ind1="1" ind2=" ">
    <subfield code="a">Sartre, Jean-Paul,</subfield>
    <subfield code="d">1905-1980</subfield>
    <subfield code="9">648</subfield>
  </datafield>
  <datafield tag="240" ind1=" " ind2=" ">
    <subfield code="a">L'&#xC2;ge de Raison</subfield>
  </datafield>
  <datafield tag="245" ind1=" " ind2=" ">
    <subfield code="a">A idade da raz&#xE3;o  /</subfield>
    <subfield code="c">Sartre, Jean-Paul, ; Tradu&#xE7;&#xE3;o de S&#xE9;rgio Milliet </subfield>
  </datafield>
  <datafield tag="260" ind1=" " ind2=" ">
    <subfield code="a">S&#xE3;o Paulo </subfield>
    <subfield code="b">Abril</subfield>
    <subfield code="c">1972</subfield>
  </datafield>
  <datafield tag="300" ind1=" " ind2=" ">
    <subfield code="a">367p.</subfield>
  </datafield>
  <datafield tag="490" ind1="1" ind2=" ">
    <subfield code="a">Os Imortais da Literatura Universal</subfield>
  </datafield>
  <datafield tag="490" ind1="1" ind2=" ">
    <subfield code="a">Trilogia: Os caminhos da Liberdade</subfield>
    <subfield code="v">vol. 01</subfield>
  </datafield>
  <datafield tag="520" ind1=" " ind2=" ">
    <subfield code="a">Em Paris, &#xE0;s v&#xE9;speras da Segunda Guerra Mundial, Mathieu Delarue defende a id&#xE9;ia da liberdade individual, desprezando qualquer tipo de compromisso. A gravidez inesperada da namorada, em meio &#xE0; crise pol&#xED;tico-social da &#xE9;poca, p&#xF5;e em xeque seus conceitos e os dos que o cercam. E &#xE9; seu irm&#xE3;o burgu&#xEA;s que vai tentar faz&#xEA;-lo renunciar &#xE0; rebeldia, abdicando de seus ideais e se entregando &#xE0; vida burguesa.</subfield>
  </datafield>
  <datafield tag="650" ind1=" " ind2="0">
    <subfield code="a">Literatura francesa</subfield>
    <subfield code="9">122</subfield>
  </datafield>
  <datafield tag="650" ind1=" " ind2="0">
    <subfield code="a">Filosofia </subfield>
    <subfield code="9">4</subfield>
  </datafield>
  <datafield tag="650" ind1=" " ind2="0">
    <subfield code="a">Existencialismo</subfield>
    <subfield code="9">217</subfield>
  </datafield>
  <datafield tag="650" ind1=" " ind2="0">
    <subfield code="a">Burguesia</subfield>
    <subfield code="9">572</subfield>
  </datafield>
  <datafield tag="650" ind1=" " ind2="0">
    <subfield code="a">Segunda Guerra Mundial,</subfield>
    <subfield code="9">649</subfield>
  </datafield>
  <datafield tag="650" ind1=" " ind2="0">
    <subfield code="a">Liberdade individual</subfield>
    <subfield code="9">650</subfield>
  </datafield>
  <datafield tag="650" ind1=" " ind2="0">
    <subfield code="a">Crise social </subfield>
    <subfield code="9">651</subfield>
  </datafield>
  <datafield tag="655" ind1=" " ind2="0">
    <subfield code="a">Romance</subfield>
    <subfield code="9">23</subfield>
  </datafield>
  <datafield tag="655" ind1=" " ind2="0">
    <subfield code="a">Fic&#xE7;&#xE3;o </subfield>
    <subfield code="9">22</subfield>
  </datafield>
  <datafield tag="700" ind1="1" ind2=" ">
    <subfield code="a">Milliet, Sergio,</subfield>
    <subfield code="d">1898-1966</subfield>
    <subfield code="e">TRADUTOR</subfield>
    <subfield code="9">588</subfield>
  </datafield>
  <datafield tag="830" ind1=" " ind2=" ">
    <subfield code="a">Os Imortais da Literatura Universal</subfield>
    <subfield code="9">461</subfield>
    <subfield code="v">vol. 32</subfield>
  </datafield>
  <datafield tag="830" ind1=" " ind2=" ">
    <subfield code="a">Trilogia: Os caminhos da liberdade</subfield>
    <subfield code="9">662</subfield>
    <subfield code="v">vol. 01</subfield>
  </datafield>
  <datafield tag="942" ind1=" " ind2=" ">
    <subfield code="2">ddc</subfield>
    <subfield code="n">0</subfield>
    <subfield code="c">BK</subfield>
  </datafield>
  <datafield tag="952" ind1=" " ind2=" ">
    <subfield code="0">0</subfield>
    <subfield code="1">0</subfield>
    <subfield code="2">ddc</subfield>
    <subfield code="4">0</subfield>
    <subfield code="7">0</subfield>
    <subfield code="8">FIC</subfield>
    <subfield code="a">BIBIB</subfield>
    <subfield code="b">BIBIB</subfield>
    <subfield code="c">LE</subfield>
    <subfield code="d">2025-03-26</subfield>
    <subfield code="e">doa&#xE7;&#xE3;o</subfield>
    <subfield code="l">0</subfield>
    <subfield code="o">843 / S251i</subfield>
    <subfield code="p">2025-17275</subfield>
    <subfield code="r">2025-03-26 09:53:32</subfield>
    <subfield code="w">2025-03-26</subfield>
    <subfield code="y">BK</subfield>
  </datafield>
  <datafield tag="999" ind1=" " ind2=" ">
    <subfield code="c">322</subfield>
    <subfield code="d">322</subfield>
  </datafield>
</record>
